[Event "19PCR_F"]
[Site "?"]
[Date "2009.??.??"]
[Round "?"]
[White "Glaser, Karel"]
[Black "Struzka, Vlastimil"]
[Result "1-0"]
[WhiteElo "2202"]
[BlackElo "2160"]
[PlyCount "149"]
[EventDate "2009.??.??"]
[EventType "corr"]
[SourceDate "2004.06.03"]

1. e4 e5 2. Nf3 Nc6 3. Bb5 Nf6 4. O-O Bd6 5. d4 Qe7 6. dxe5 Bxe5 7. Nxe5 Qxe5
8. Nc3 O-O 9. Re1 Re8 10. Be3 a6 11. Bd3 d6 12. Nd5 Nxd5 13. exd5 Ne7 14. Bb6
Qf6 15. Bxc7 Bf5 16. Bxf5 Nxf5 17. c3 Re7 18. Ba5 Rae8 19. Rxe7 Qxe7 20. c4 Qe4
21. Qe1 b5 22. Qxe4 Rxe4 23. cxb5 axb5 24. Bc3 Ne7 25. Rd1 f6 26. a3 Kf7 27.
Bb4 Nc8 28. Kf1 Rc4 29. Rd3 Rc1+ 30. Ke2 Rc2+ 31. Rd2 Rc1 32. Kf3 Ke7 33. Rd3
Kd7 34. Bc3 Nb6 35. h4 Rc2 36. h5 Nc4 37. h6 gxh6 38. Bxf6 Nxb2 39. Rb3 Nd1 40.
Bd4 Rd2 41. Rb4 h5 42. g3 Ke7 43. Kg2 Rd3 44. a4 bxa4 45. Rxa4 Ke8 46. Rb4 Kf7
47. Rc4 Rd2 48. Kf1 Nb2 49. Rc7+ Kg6 50. Bc3 Rc2 51. Rc6 Kf5 52. Bxb2 Rxb2 53.
Rxd6 Rb7 54. Kg2 Ke5 55. Rd8 Rb2 56. d6 Ke6 57. d7 Rd2 58. Re8+ Kxd7 59. Rh8
Ke6 60. Rxh7 Rd5 61. Rh6+ Kf7 62. Kh3 Kg7 63. Rb6 Rd1 64. Kh4 Rh1+ 65. Kg5 Kf7
66. f4 Rh2 67. Rb1 Ke8 68. f5 Rf2 69. Rb3 Kf7 70. Rb7+ Ke8 71. Kf6 Rf3 72. Rg7
Rf2 73. Re7+ Kd8 74. Re3 Kd7 75. Kg5 1-0

[Event "19PCR_F"]
[Site "?"]
[Date "2009.??.??"]
[Round "?"]
[White "Koukal, Vladimir"]
[Black "Glaser, Karel"]
[Result "1/2-1/2"]
[WhiteElo "2240"]
[BlackElo "2202"]
[PlyCount "101"]
[EventDate "2009.??.??"]
[EventType "corr"]
[SourceDate "2004.06.03"]

1. e4 e5 2. Nf3 Nc6 3. Bb5 a6 4. Ba4 Nf6 5. O-O Be7 6. Re1 b5 7. Bb3 O-O 8. d4
d6 9. c3 Bg4 10. Be3 exd4 11. cxd4 Na5 12. Bc2 Nc4 13. Bc1 c5 14. Nbd2 Nxd2 15.
Qxd2 Bxf3 16. gxf3 Nd7 17. f4 cxd4 18. Qxd4 Rc8 19. Re2 Nc5 20. Be3 Qd7 21. f5
Bf6 22. Qb4 Qe7 23. Rd1 Rfe8 24. f3 Rc6 25. Kh1 Rec8 26. Bb1 Na4 27. f4 Qc7 28.
Rg2 Kh8 29. Bd4 Bxd4 30. Qxd4 f6 31. Rgg1 Re8 32. a3 Qf7 33. Rg2 Rec8 34. h3
Nb6 35. Rdg1 Rg8 36. Bd3 Qh5 37. Kh2 Qf7 38. Re2 Qc7 39. Rgg2 Rc5 40. b3 h6 41.
b4 Rc6 42. Rc2 Rc8 43. Rxc6 Qxc6 44. Rc2 Qb7 45. Qxd6 Rxc2+ 46. Bxc2 Nc4 47.
Qd4 Qc7 48. Kg3 Nxa3 49. Bd1 a5 50. Qc5 Qd8 51. Bh5 1/2-1/2

[Event "19PCR_F"]
[Site "?"]
[Date "2009.??.??"]
[Round "?"]
[White "Koukal, Vladimir"]
[Black "Kyhos, Alois"]
[Result "1/2-1/2"]
[WhiteElo "2240"]
[BlackElo "2146"]
[PlyCount "60"]
[EventDate "2009.??.??"]
[EventType "corr"]
[SourceDate "2004.06.03"]

1. e4 e5 2. Nf3 d6 3. d4 exd4 4. Qxd4 a6 5. Bg5 Nc6 6. Bxd8 Nxd4 7. Nxd4 Kxd8
8. Bc4 Nh6 9. Nd2 c6 10. Bd3 Kc7 11. h3 g6 12. g4 f5 13. exf5 Bg7 14. c3 c5 15.
Ne6+ Bxe6 16. fxe6 Rae8 17. O-O-O Rxe6 18. Bc4 Ree8 19. f4 b5 20. Bd5 Rhf8 21.
Rhf1 Ng8 22. Ne4 Nf6 23. Nxf6 Bxf6 24. Rf3 Re2 25. Rd2 Re1+ 26. Kc2 c4 27. g5
Bg7 28. h4 Rf5 29. Rff2 Re8 30. Kd1 a5 1/2-1/2

[Event "19PCR_F"]
[Site "?"]
[Date "2009.??.??"]
[Round "?"]
[White "Koukal, Vladimir"]
[Black "Portych, Vaclav"]
[Result "1/2-1/2"]
[WhiteElo "2240"]
[BlackElo "2219"]
[PlyCount "44"]
[EventDate "2009.??.??"]
[EventType "corr"]
[SourceDate "2004.06.03"]

1. e4 c5 2. Nf3 Nc6 3. d4 cxd4 4. Nxd4 Nf6 5. Nc3 e5 6. Ndb5 d6 7. Nd5 Nxd5 8.
exd5 Nb8 9. Bd3 a6 10. Nc3 Be7 11. O-O O-O 12. a4 f5 13. Qh5 e4 14. Bc4 Nd7 15.
Bf4 Qc7 16. Bb3 Bf6 17. Rae1 Nc5 18. Re3 g6 19. Qh6 Nxb3 20. cxb3 Qd8 21. h4 b5
22. axb5 axb5 1/2-1/2

[Event "19PCR_F"]
[Site "?"]
[Date "2009.??.??"]
[Round "?"]
[White "Koukal, Vladimir"]
[Black "Schwarz, Jan"]
[Result "1/2-1/2"]
[WhiteElo "2240"]
[BlackElo "2251"]
[PlyCount "70"]
[EventDate "2009.??.??"]
[EventType "corr"]
[SourceDate "2004.06.03"]

1. e4 c5 2. Nf3 d6 3. d4 cxd4 4. Nxd4 e5 5. Bb5+ Nd7 6. Nf5 a6 7. Bxd7+ Qxd7 8.
Nc3 Qc6 9. Ne3 Nf6 10. Qf3 Be7 11. O-O O-O 12. Rd1 h6 13. a4 Re8 14. a5 Be6 15.
Ncd5 Bxd5 16. exd5 Qd7 17. b3 Rac8 18. Ra4 g6 19. Ba3 Rc3 20. Rc4 Rxc4 21. Nxc4
Kg7 22. Nb6 Qc7 23. c4 Nd7 24. c5 Nxc5 25. b4 Nd7 26. Rc1 Qd8 27. Rc8 Qxb6 28.
Rxe8 Qd4 29. g3 Bg5 30. b5 Nf6 31. Re7 e4 32. Qb3 e3 33. fxe3 Qd2 34. Bb2 Qe1+
35. Kg2 Qe2+ 1/2-1/2

[Event "19PCR_F"]
[Site "?"]
[Date "2009.??.??"]
[Round "?"]
[White "Koukal, Vladimir"]
[Black "Trs, Jan"]
[Result "1-0"]
[WhiteElo "2240"]
[BlackElo "2128"]
[PlyCount "119"]
[EventDate "2009.??.??"]
[EventType "corr"]
[SourceDate "2004.06.03"]

1. e4 d6 2. d4 Nf6 3. Nc3 g6 4. Bf4 Bg7 5. Qd2 c6 6. Nf3 b5 7. Bd3 Bg4 8. Bh6
Bxh6 9. Qxh6 Bxf3 10. gxf3 Nbd7 11. f4 e5 12. d5 b4 13. dxc6 bxc3 14. cxd7+
Qxd7 15. bxc3 Qc8 16. c4 Ng4 17. Qg5 h6 18. Qh4 exf4 19. h3 Ne5 20. Qxf4 Rb8
21. Qe3 Nxc4 22. Qxa7 O-O 23. Qd4 Na3 24. Rc1 Nb5 25. Qe3 Qc3+ 26. Kf1 Kg7 27.
Kg2 Na3 28. Qg3 Qc5 29. Rhe1 Rfe8 30. Re2 Rb2 31. Kh2 Nb1 32. Re3 Nc3 33. Rg1
Nxa2 34. Rf3 Nc3 35. Rf5 Qc7 36. Qe3 Rb4 37. Rh5 Rh8 38. Rg3 Qb6 39. Qf3 Qb7
40. Ba6 Qc7 41. Rh4 g5 42. Rhg4 Rb6 43. Bf1 Nb1 44. Qd3 Rb4 45. f4 Ra8 46. c4
Ra2+ 47. Bg2 Kg8 48. Rh4 Kf8 49. Rxh6 gxf4 50. Rg5 Rd2 51. Qf3 Rbb2 52. Qxf4
Rf2 53. Rg8+ Ke7 54. Qg5+ Kd7 55. Kh1 Nd2 56. Rd8+ Qxd8 57. Rxd6+ Kxd6 58.
Qxd8+ Ke5 59. Qe7+ Kd4 60. Qa7+ 1-0

[Event "19PCR_F"]
[Site "?"]
[Date "2009.??.??"]
[Round "?"]
[White "Koukal, Vladimir"]
[Black "Valak, Alois"]
[Result "1/2-1/2"]
[WhiteElo "2240"]
[BlackElo "2326"]
[PlyCount "134"]
[EventDate "2009.??.??"]
[EventType "corr"]
[SourceDate "2004.06.03"]

1. e4 e5 2. Nf3 Nc6 3. Bb5 a6 4. Ba4 Nf6 5. O-O b5 6. Bb3 Bb7 7. d3 Bc5 8. Nc3
O-O 9. a3 d6 10. Nd5 h6 11. c3 Nb8 12. Ne3 Bxe3 13. Bxe3 Nbd7 14. Nd2 Qe7 15.
Qf3 Nc5 16. Bc2 Rfe8 17. Qg3 Nh5 18. Qh3 Nf4 19. Bxf4 exf4 20. d4 Ne6 21. Qg4
Qf6 22. Rad1 Rad8 23. Rfe1 c5 24. e5 dxe5 25. Be4 Qe7 26. dxe5 Bd5 27. Bxd5
Rxd5 28. c4 Rd3 29. Ne4 Red8 30. Rxd3 Rxd3 31. h4 bxc4 32. Nd6 Rd2 33. Rb1 a5
34. Nxc4 Rc2 35. Nxa5 Qd7 36. Qf3 Qd8 37. Nb3 Qxh4 38. Na1 Rc4 39. Nb3 Qg5 40.
Na5 Rc2 41. Qa8+ Kh7 42. Qe4+ Qg6 43. Qxg6+ Kxg6 44. Nb7 Kf5 45. b4 c4 46. b5
c3 47. Nd6+ Kxe5 48. b6 Nc5 49. Nb5 Nb7 50. a4 Kd5 51. Ra1 Kc5 52. Nxc3 Rxc3
53. a5 Kb5 54. a6 Rc8 55. axb7 Rb8 56. Rd1 Rxb7 57. Rd5+ Kxb6 58. Rd4 f3 59. g4
Kc5 60. Rf4 f6 61. Kh2 Rb4 62. Rf5+ Kd6 63. Kg3 Rb3 64. Ra5 Ke7 65. Ra7+ Kf8
66. Kf4 Kg8 67. Ra8+ Kh7 1/2-1/2

[Event "19PCR_F"]
[Site "?"]
[Date "2009.??.??"]
[Round "?"]
[White "Kudr, Roman"]
[Black "Glaser, Karel"]
[Result "1/2-1/2"]
[WhiteElo "2208"]
[BlackElo "2202"]
[PlyCount "64"]
[EventDate "2009.??.??"]
[EventType "corr"]
[SourceDate "2004.06.03"]

1. e4 e5 2. Nf3 Nc6 3. Bb5 a6 4. Ba4 Nf6 5. O-O Be7 6. Qe2 b5 7. Bb3 d6 8. c3
Na5 9. Bc2 c5 10. d4 Qc7 11. h3 O-O 12. d5 Bd7 13. b3 Nb7 14. Be3 h6 15. Nbd2
Rfc8 16. Rfb1 Na5 17. Nf1 Nb7 18. c4 Rab8 19. Bd3 Bf8 20. Ng3 Na5 21. Bd2 g6
22. Qe1 Nb7 23. Rb2 Qb6 24. a3 Bg7 25. Rab1 Qc7 26. Bc3 Re8 27. Qe3 Rec8 28.
Qd2 Qb6 29. Rc1 Rf8 30. Rbb1 b4 31. axb4 cxb4 32. Bxb4 a5 1/2-1/2

[Event "19PCR_F"]
[Site "?"]
[Date "2009.??.??"]
[Round "?"]
[White "Kudr, Roman"]
[Black "Koukal, Vladimir"]
[Result "1/2-1/2"]
[WhiteElo "2208"]
[BlackElo "2240"]
[PlyCount "73"]
[EventDate "2009.??.??"]
[EventType "corr"]
[SourceDate "2004.06.03"]

1. e4 e5 2. Nf3 Nc6 3. Bb5 a6 4. Ba4 Nf6 5. O-O Be7 6. Qe2 b5 7. Bb3 O-O 8. c3
d6 9. Rd1 Bg4 10. h3 Bh5 11. d4 exd4 12. cxd4 d5 13. e5 Ne4 14. Nc3 Nxc3 15.
bxc3 Qd7 16. Bc2 Na5 17. a4 Rfb8 18. axb5 axb5 19. g4 Bg6 20. Bxg6 hxg6 21. Bg5
Nc4 22. Bxe7 Qxe7 23. Qc2 Qe8 24. Rxa8 Rxa8 25. Re1 Qe7 26. Kg2 Rf8 27. Ra1 c5
28. dxc5 Qxc5 29. e6 Qe7 30. Nd4 Nd6 31. f3 Nc4 32. Qd3 f5 33. gxf5 Qg5+ 34.
Kh1 Ne3 35. Rg1 Qh4 36. Rxg6 Qe1+ 37. Rg1 1/2-1/2

[Event "19PCR_F"]
[Site "?"]
[Date "2009.??.??"]
[Round "?"]
[White "Kudr, Roman"]
[Black "Kyhos, Alois"]
[Result "0-1"]
[WhiteElo "2208"]
[BlackElo "2146"]
[PlyCount "106"]
[EventDate "2009.??.??"]
[EventType "corr"]
[SourceDate "2004.06.03"]

1. e4 e5 2. Nf3 d6 3. d4 exd4 4. Nxd4 Nf6 5. Nc3 Be7 6. Be2 O-O 7. O-O c5 8.
Nb3 Nc6 9. Be3 Re8 10. f4 Bf8 11. Bf3 Bf5 12. exf5 Rxe3 13. Qd2 Re8 14. Nd5 a5
15. Rae1 Rxe1 16. Rxe1 a4 17. Nc1 Nd4 18. Be4 Nxe4 19. Rxe4 Nxf5 20. Qe2 Nd4
21. Qd3 Qh4 22. Qd1 Qh6 23. c3 Qg6 24. Re1 Nc6 25. Nd3 b5 26. Qf3 Rd8 27. f5
Qg5 28. Qe4 Ne5 29. Re3 Re8 30. N3f4 Qh4 31. g3 Qg5 32. Nc7 Rb8 33. Ncd5 Kh8
34. Re2 h6 35. Kg2 Qd8 36. f6 Qd7 37. fxg7+ Bxg7 38. Ne3 b4 39. c4 b3 40. a3
Nc6 41. Nf5 Nd4 42. Nxd4 cxd4 43. Nh5 Be5 44. c5 d3 45. Qxd3 Qc6+ 46. Qf3 Qxf3+
47. Kxf3 Rb5 48. c6 Rc5 49. Nf4 Rxc6 50. Nd3 Rc2 51. Kf2 Rxe2+ 52. Kxe2 Kg7 53.
Ke3 Kf6 0-1

[Event "19PCR_F"]
[Site "?"]
[Date "2009.??.??"]
[Round "?"]
[White "Kudr, Roman"]
[Black "Schwarz, Jan"]
[Result "1/2-1/2"]
[WhiteElo "2208"]
[BlackElo "2251"]
[PlyCount "69"]
[EventDate "2009.??.??"]
[EventType "corr"]
[SourceDate "2004.06.03"]

1. e4 e5 2. Nf3 Nc6 3. Bb5 a6 4. Ba4 Nf6 5. O-O Be7 6. d3 d6 7. c3 Bg4 8. Nbd2
b5 9. Bc2 O-O 10. h3 Bh5 11. Re1 d5 12. Bb3 dxe4 13. Nxe4 Nxe4 14. dxe4 Qxd1
15. Bxd1 Bxf3 16. Bxf3 Na5 17. Rd1 Rfd8 18. Kf1 Nb7 19. a4 b4 20. cxb4 Bxb4 21.
Bg5 Rxd1+ 22. Bxd1 Rb8 23. Rc1 Bd6 24. Be3 Nd8 25. b3 Kf8 26. g3 Ke7 27. h4 Ne6
28. Rc6 Ra8 29. Be2 a5 30. Bc4 Nd8 31. Ra6 Rxa6 32. Bxa6 Bb4 33. Bc4 Ne6 34.
Ke2 Nd4+ 35. Bxd4 1/2-1/2

[Event "19PCR_F"]
[Site "?"]
[Date "2009.??.??"]
[Round "?"]
[White "Kudr, Roman"]
[Black "Trs, Jan"]
[Result "1-0"]
[WhiteElo "2208"]
[BlackElo "2128"]
[PlyCount "117"]
[EventDate "2009.??.??"]
[EventType "corr"]
[SourceDate "2004.06.03"]

1. e4 d6 2. d4 Nf6 3. Nc3 g6 4. f4 Bg7 5. Nf3 O-O 6. Bd3 Nc6 7. O-O Bg4 8. e5
dxe5 9. dxe5 Nd5 10. h3 Be6 11. Ng5 Qd7 12. Nxe6 Qxe6 13. Nxd5 Qxd5 14. Qf3
Qxf3 15. Rxf3 Rad8 16. c3 g5 17. Be4 h5 18. Kf2 gxf4 19. Bxc6 bxc6 20. Bxf4 Kh7
21. Re1 Bh6 22. b3 Rd5 23. c4 Rdd8 24. Be3 Bxe3+ 25. Kxe3 Kg6 26. Ref1 f6 27.
Rg3+ Kh6 28. Rf5 a6 29. exf6 exf6 30. Ke2 Rd6 31. Ra5 Ra8 32. Rd3 Kg6 33. g3
Re6+ 34. Kd2 Re5 35. Rxe5 fxe5 36. Rd7 Rg8 37. g4 hxg4 38. hxg4 Rc8 39. Ke3 Kf6
40. Rh7 Kg5 41. Rh5+ Kxg4 42. Rxe5 Rf8 43. Re7 c5 44. Rxc7 Re8+ 45. Kd3 Re5 46.
Rc6 a5 47. Ra6 Kf4 48. Rxa5 Rg5 49. a4 Re5 50. Rb5 Re3+ 51. Kc2 Re2+ 52. Kc3
Re3+ 53. Kb2 Re2+ 54. Ka3 Re5 55. a5 Ke4 56. a6 Kd4 57. Ra5 Re8 58. a7 Ra8 59.
Ka4 1-0

[Event "19PCR_F"]
[Site "?"]
[Date "2009.??.??"]
[Round "?"]
[White "Kudr, Roman"]
[Black "Valak, Alois"]
[Result "1/2-1/2"]
[WhiteElo "2208"]
[BlackElo "2326"]
[PlyCount "39"]
[EventDate "2009.??.??"]
[EventType "corr"]
[SourceDate "2004.06.03"]

1. e4 e5 2. Nf3 Nc6 3. Bb5 a6 4. Ba4 Nf6 5. O-O Be7 6. d3 d6 7. c3 O-O 8. Re1
h6 9. Nbd2 b5 10. Bc2 Re8 11. h3 Bf8 12. a4 b4 13. Nc4 Rb8 14. Bd2 Bd7 15. a5
Qc8 16. Ba4 bxc3 17. Bxc3 Nd8 18. Bxd7 Qxd7 19. Qc2 Qb5 20. Ra4 1/2-1/2

[Event "19PCR_F"]
[Site "?"]
[Date "2009.??.??"]
[Round "?"]
[White "Kyhos, Alois"]
[Black "Batka, Josef"]
[Result "1/2-1/2"]
[WhiteElo "2146"]
[BlackElo "2246"]
[PlyCount "143"]
[EventDate "2009.??.??"]
[EventType "corr"]
[SourceDate "2004.06.03"]

1. e4 c5 2. c3 Nf6 3. e5 Nd5 4. Nf3 Nc6 5. Bc4 Nb6 6. Bb3 c4 7. Bc2 d6 8. exd6
Qxd6 9. O-O g6 10. Na3 Bg7 11. b3 cxb3 12. axb3 O-O 13. d4 Bg4 14. h3 Bxf3 15.
Qxf3 e5 16. Nb5 Qd7 17. Rd1 a6 18. d5 Nb4 19. Na3 Nxc2 20. Nxc2 Rac8 21. Bb2
Rfe8 22. Qd3 e4 23. Qd2 Qd6 24. Ne3 Nd7 25. c4 Ne5 26. Bd4 Nd3 27. Bxg7 Kxg7
28. b4 Qf4 29. c5 Rcd8 30. Ra3 f5 31. d6 h6 32. Rxd3 exd3 33. Qc3+ Qe5 34. Qxd3
Qe4 35. Qa3 Qe5 36. Nd5 Kh7 37. Kh1 Rd7 38. f4 Qg7 39. Qb3 g5 40. Nb6 Qf7 41.
Qd3 Rdd8 42. fxg5 hxg5 43. Rf1 Kg6 44. g4 Kh6 45. gxf5 Re5 46. f6 a5 47. Nc4
Rd5 48. Qe2 Re8 49. Ne3 axb4 50. Ng4+ Kh7 51. Qc4 Kh8 52. Kg1 Rf8 53. Ne3 Re5
54. Qd4 Rfe8 55. Ng4 Rd5 56. Qb2 Rf8 57. d7 b3 58. Ne5 Rxe5 59. Qxe5 b2 60. Qd4
Rd8 61. Qxb2 Rxd7 62. Rf5 Kh7 63. Rxg5 Rd1+ 64. Kh2 Kh6 65. Qe5 Rf1 66. Rg7
Qxf6 67. Qxf6+ Rxf6 68. Rxb7 Rf3 69. c6 Rc3 70. c7 Kg6 71. Kg2 Kf5 72. h4
1/2-1/2

[Event "19PCR_F"]
[Site "?"]
[Date "2009.??.??"]
[Round "?"]
[White "Kyhos, Alois"]
[Black "Bednarik, Radovan"]
[Result "1-0"]
[WhiteElo "2146"]
[BlackElo "2073"]
[PlyCount "75"]
[EventDate "2009.??.??"]
[EventType "corr"]
[SourceDate "2004.06.03"]

1. e4 e5 2. Nf3 Nc6 3. Nc3 Nf6 4. Bb5 Bb4 5. O-O O-O 6. d3 d6 7. Bg5 Bxc3 8.
bxc3 Bd7 9. Rb1 h6 10. Bh4 a6 11. Ba4 b5 12. Bb3 Na5 13. d4 Nxb3 14. axb3 Bc6
15. Re1 Qe7 16. Qd3 g5 17. Nxg5 hxg5 18. Bxg5 Qe6 19. d5 Nxd5 20. exd5 Bxd5 21.
Re3 f5 22. Rh3 Be4 23. Qe2 Qd7 24. Rh6 Qg7 25. f4 Bd5 26. Qd2 Bb7 27. Rh3 exf4
28. Bh6 Qe5 29. Bxf4 Qd5 30. Qf2 Rf7 31. c4 Qe6 32. Re1 Be4 33. Bd2 Rh7 34.
Rxh7 Kxh7 35. Qh4+ Kg8 36. Bc3 bxc4 37. Re3 f4 38. Qxf4 1-0

[Event "19PCR_F"]
[Site "?"]
[Date "2009.??.??"]
[Round "?"]
[White "Kyhos, Alois"]
[Black "Cvak, Rudolf"]
[Result "1/2-1/2"]
[WhiteElo "2146"]
[BlackElo "2317"]
[PlyCount "66"]
[EventDate "2009.??.??"]
[EventType "corr"]
[SourceDate "2004.06.03"]

1. e4 c5 2. c3 Nf6 3. e5 Nd5 4. Nf3 Nc6 5. Bc4 Nb6 6. Bb3 c4 7. Bc2 Qc7 8. Qe2
g5 9. e6 dxe6 10. Nxg5 Qe5 11. d4 cxd3 12. Bxd3 Qxe2+ 13. Bxe2 h6 14. Ne4 e5
15. a4 Bf5 16. Nbd2 Nd5 17. a5 O-O-O 18. g3 e6 19. f3 Be7 20. Nc4 Bg6 21. Bd2
f5 22. Nf2 e4 23. fxe4 fxe4 24. h4 h5 25. Nh3 Bf5 26. Bg5 Bxh3 27. Rxh3 Kc7 28.
Ra4 Bxg5 29. hxg5 Rdg8 30. Nd2 Rxg5 31. Rxe4 Rhg8 32. Rxe6 Rxg3 33. Rxg3 Rxg3
1/2-1/2

[Event "19PCR_F"]
[Site "?"]
[Date "2009.??.??"]
[Round "?"]
[White "Kyhos, Alois"]
[Black "Glaser, Karel"]
[Result "0-1"]
[WhiteElo "2146"]
[BlackElo "2202"]
[PlyCount "75"]
[EventDate "2009.??.??"]
[EventType "corr"]
[SourceDate "2004.06.03"]

1. e4 e5 2. Nf3 Nc6 3. Nc3 Nf6 4. Bb5 Bb4 5. d3 d6 6. O-O O-O 7. Bg5 Bxc3 8.
bxc3 Qe7 9. Re1 Nd8 10. d4 Bg4 11. h3 Bh5 12. g4 Bg6 13. d5 c6 14. Bd3 Rc8 15.
c4 b6 16. Nh4 h6 17. Be3 Bh7 18. Nf5 Bxf5 19. gxf5 Nb7 20. Kh2 Kh8 21. Rg1 Nc5
22. f3 Rg8 23. Qd2 Qd7 24. Rg2 cxd5 25. cxd5 Kh7 26. Be2 Qa4 27. a3 Nh5 28. Rg4
Nd7 29. c4 Nf4 30. Rh4 f6 31. Bf1 b5 32. Rb1 bxc4 33. Rb7 c3 34. Qf2 Rb8 35.
Bb5 Qxb5 36. Rxb5 Rxb5 37. Qg1 Rb2+ 38. Kh1 0-1

[Event "19PCR_F"]
[Site "?"]
[Date "2009.??.??"]
[Round "?"]
[White "Kyhos, Alois"]
[Black "Mudra, Oldrich"]
[Result "1/2-1/2"]
[WhiteElo "2146"]
[BlackElo "2132"]
[PlyCount "87"]
[EventDate "2009.??.??"]
[EventType "corr"]
[SourceDate "2004.06.03"]

1. e4 c6 2. d4 d5 3. exd5 cxd5 4. Bd3 Nc6 5. c3 Nf6 6. Bf4 g6 7. Nf3 Bg7 8.
Nbd2 Nh5 9. Be3 Qc7 10. O-O Nf4 11. Bb5 a6 12. Bxc6+ bxc6 13. Nb3 Bg4 14. h3
Bxf3 15. Qxf3 Ne6 16. Nc1 Rb8 17. Nd3 O-O 18. Rfe1 Qa5 19. Qe2 Rfe8 20. h4 h5
21. Qf3 Qb5 22. Bg5 Nxg5 23. hxg5 e6 24. Re2 a5 25. b3 Rb7 26. Re3 Rbe7 27. Qg3
Rc8 28. Qd6 Ree8 29. Rae1 Qb8 30. Qa3 Bf8 31. Qxa5 Qb5 32. Qxb5 cxb5 33. Ne5
Rc7 34. g4 h4 35. a4 bxa4 36. bxa4 Bd6 37. Ra1 Ra8 38. Kg2 Rca7 39. Kh3 Rxa4
40. Rxa4 Rxa4 41. Kxh4 Bc7 42. Kh3 Ra2 43. Kg2 Kf8 44. Kf1 1/2-1/2

[Event "19PCR_F"]
[Site "?"]
[Date "2009.??.??"]
[Round "?"]
[White "Kyhos, Alois"]
[Black "Portych, Vaclav"]
[Result "1/2-1/2"]
[WhiteElo "2146"]
[BlackElo "2219"]
[PlyCount "50"]
[EventDate "2009.??.??"]
[EventType "corr"]
[SourceDate "2004.06.03"]

1. e4 c5 2. c3 Nf6 3. e5 Nd5 4. Nf3 Nc6 5. Bc4 Nb6 6. Bb3 d5 7. exd6 Qxd6 8.
O-O c4 9. Bc2 g6 10. Na3 Bg7 11. b3 cxb3 12. axb3 O-O 13. d4 Rd8 14. Re1 Bg4
15. h3 Bxf3 16. Qxf3 e5 17. Bg5 f6 18. Be3 exd4 19. Nb5 Qd5 20. Nxd4 Qxf3 21.
Nxf3 Nd5 22. Be4 f5 23. Bxd5+ Rxd5 24. Rac1 a5 25. c4 Rd3 1/2-1/2

[Event "19PCR_F"]
[Site "?"]
[Date "2009.??.??"]
[Round "?"]
[White "Mudra, Oldrich"]
[Black "Koukal, Vladimir"]
[Result "1-0"]
[WhiteElo "2132"]
[BlackElo "2240"]
[PlyCount "90"]
[EventDate "2009.??.??"]
[EventType "corr"]
[SourceDate "2004.06.03"]

1. Nf3 Nf6 2. g3 d5 3. d4 e6 4. Bg2 c5 5. O-O cxd4 6. Nxd4 Be7 7. c4 dxc4 8.
Qa4+ Nbd7 9. Rd1 O-O 10. Qxc4 Qb6 11. Nc3 Ne5 12. Qb5 Qxb5 13. Ndxb5 Nc6 14. h3
a6 15. Nc7 Rb8 16. Nxa6 bxa6 17. Bxc6 Bb7 18. Bxb7 Rxb7 19. b3 Rc8 20. Bb2 Rbc7
21. Rd3 h5 22. Rad1 Kh7 23. Kf1 Rc6 24. h4 Ng4 25. f3 Nh6 26. Ne4 Rc2 27. R1d2
Nf5 28. a3 Rxd2 29. Rxd2 Bd8 30. Bd4 Rc1+ 31. Kg2 Be7 32. b4 Nxd4 33. Rxd4 f5
34. Nd2 Rc2 35. Rd3 Bf6 36. f4 e5 37. fxe5 Bxe5 38. Kf2 Kg6 39. Nf3 Bc7 40. Nd4
Bb6 41. Kf3 Bxd4 42. Rxd4 Rc6 43. a4 Kf6 44. Kf4 g6 45. e3 Re6 1-0

[Event "19PCR_F"]
[Site "?"]
[Date "2009.??.??"]
[Round "?"]
[White "Mudra, Oldrich"]
[Black "Kudr, Roman"]
[Result "1/2-1/2"]
[WhiteElo "2132"]
[BlackElo "2208"]
[PlyCount "153"]
[EventDate "2009.??.??"]
[EventType "corr"]
[SourceDate "2004.06.03"]

1. Nf3 d5 2. d4 Nf6 3. c4 dxc4 4. e3 e6 5. Bxc4 c5 6. O-O a6 7. Bb3 Nc6 8. Nc3
cxd4 9. exd4 Be7 10. Bf4 O-O 11. Re1 Na5 12. Bc2 b5 13. Qd3 Bb7 14. Ne5 Rc8 15.
Rad1 g6 16. Bh6 Re8 17. Qh3 Qd6 18. Bd3 Red8 19. Be2 Nc4 20. Bxc4 bxc4 21. Bg5
Nh5 22. Bxe7 Qxe7 23. Qe3 Nf6 24. Qh6 Nd5 25. Ng4 Nb4 26. Re3 Rc7 27. Rh3 f6
28. Qh4 Rf8 29. Ne3 Rd8 30. Rg3 Rcd7 31. h3 Nd3 32. Ne2 Nxb2 33. Rb1 Nd3 34.
Nxc4 Nb4 35. Ne3 Nd5 36. a4 Rc7 37. Nxd5 Bxd5 38. a5 Bc4 39. Nf4 g5 40. Qg4 h6
41. d5 Bxd5 42. Rb6 Rc1+ 43. Kh2 Be4 44. Nxe6 Rdd1 45. Rgb3 f5 46. Qh5 Rh1+ 47.
Kg3 f4+ 48. Kg4 Kh7 49. Nd4 Rc6 50. Rxc6 Bxc6 51. Qxh6+ Kxh6 52. Nf5+ Kh7 53.
Nxe7 Bxg2 54. Rc3 Kh6 55. Rb3 Kh7 56. Kxg5 Ra1 57. h4 Rxa5+ 58. Kxf4 Ra4+ 59.
Kg3 Ba8 60. Rc3 Rb4 61. Ra3 Bb7 62. Nf5 Rb6 63. Ne3 Rb5 64. f4 Kg6 65. Rd3 Kf6
66. Ng4+ Ke7 67. Ne5 Rb1 68. h5 Rg1+ 69. Kf2 Rg2+ 70. Ke1 Be4 71. Re3 Bh7 72.
h6 a5 73. Rb3 Kf6 74. Rb7 Be4 75. Rb5 a4 76. Rb4 a3 77. Rxe4 1/2-1/2

[Event "19PCR_F"]
[Site "?"]
[Date "2009.??.??"]
[Round "?"]
[White "Mudra, Oldrich"]
[Black "Schwarz, Jan"]
[Result "1/2-1/2"]
[WhiteElo "2132"]
[BlackElo "2251"]
[PlyCount "100"]
[EventDate "2009.??.??"]
[EventType "corr"]
[SourceDate "2004.06.03"]

1. Nf3 c5 2. c4 b6 3. g3 Bb7 4. Bg2 g6 5. d4 Bg7 6. d5 d6 7. O-O Nd7 8. Nc3
Ngf6 9. h3 a6 10. a4 O-O 11. Bd2 Qc7 12. e4 Rab8 13. Qc2 Bc8 14. Ne1 Ne5 15.
Ne2 b5 16. axb5 axb5 17. cxb5 Rxb5 18. f4 Ned7 19. Nd3 Rb7 20. Rfc1 Ra7 21.
Rxa7 Qxa7 22. Be3 Ba6 23. b4 Bb5 24. bxc5 Qa3 25. Rd1 Nxc5 26. Bxc5 dxc5 27. e5
Nd7 28. Nc3 Ba6 29. Ne4 c4 30. Qb2 Qxb2 31. Nxb2 Nxe5 32. fxe5 Bxe5 33. Na4 f5
34. Nec5 Bb5 35. Rb1 Bd4+ 36. Kf1 Rb8 37. Ke1 Be5 38. Kd2 Bxg3 39. Nc3 Be8 40.
Rxb8 Bxb8 41. Bf1 g5 42. Ne6 g4 43. hxg4 fxg4 44. Bxc4 h5 45. Ke3 Bg6 46. Nd4
Kg7 47. Nc6 Bd6 48. Ne4 Ba3 49. Be2 Bc1+ 50. Kd4 Bb2+ 1/2-1/2

[Event "19PCR_F"]
[Site "?"]
[Date "2009.??.??"]
[Round "?"]
[White "Mudra, Oldrich"]
[Black "Struzka, Vlastimil"]
[Result "1-0"]
[WhiteElo "2132"]
[BlackElo "2160"]
[PlyCount "89"]
[EventDate "2009.??.??"]
[EventType "corr"]
[SourceDate "2004.06.03"]

1. Nf3 Nf6 2. g3 g6 3. Bg2 Bg7 4. O-O O-O 5. c4 c5 6. d4 cxd4 7. Nxd4 Nc6 8.
Nc3 Qb6 9. Nb3 d6 10. Nd5 Nxd5 11. cxd5 Ne5 12. Be3 Qa6 13. Bd4 Bg4 14. Re1
Rfc8 15. h3 Bd7 16. f4 Nc4 17. Bxg7 Kxg7 18. Qd4+ Kg8 19. e4 f6 20. Kh2 Rc7 21.
Qf2 Rd8 22. Nd4 Rdc8 23. Re2 Rc5 24. a3 R5c7 25. b3 Na5 26. Re3 Qb6 27. Qd2 Be8
28. Rd1 Bd7 29. Qe1 Rf8 30. e5 Rcc8 31. e6 Bb5 32. Rc3 Ba6 33. Rdc1 Rb8 34. Qg1
Rfe8 35. f5 g5 36. b4 Nc4 37. b5 Ne5 38. bxa6 Qxa6 39. Qd1 Qb6 40. Nf3 Nxf3+
41. Qxf3 Kh8 42. Rc7 Qb2 43. Qh5 b5 44. Qf7 Qxa3 45. Rxe7 1-0

[Event "19PCR_F"]
[Site "?"]
[Date "2009.??.??"]
[Round "?"]
[White "Mudra, Oldrich"]
[Black "Trs, Jan"]
[Result "1/2-1/2"]
[WhiteElo "2132"]
[BlackElo "2128"]
[PlyCount "88"]
[EventDate "2009.??.??"]
[EventType "corr"]
[SourceDate "2004.06.03"]

1. Nf3 d5 2. d4 Nf6 3. c4 e6 4. Nc3 c5 5. cxd5 Nxd5 6. e3 Nc6 7. Bc4 cxd4 8.
exd4 Be7 9. O-O O-O 10. Re1 a6 11. Bb3 Nxc3 12. bxc3 b5 13. Qd3 Bb7 14. a4 b4
15. Rb1 Rc8 16. d5 exd5 17. Bd2 Na5 18. Bc2 g6 19. cxb4 Nc4 20. Bh6 Re8 21. Qd4
Bf8 22. Rxe8 Qxe8 23. Bxf8 Qxf8 24. Bd3 Bc6 25. Ne5 Nxe5 26. Qxe5 Bxa4 27. Bxa6
Bc2 28. Rc1 Re8 29. Qc3 Bf5 30. b5 Rb8 31. Qe5 Re8 32. Qxd5 Qb4 33. Rf1 Kg7 34.
h3 h5 35. Qf3 Re5 36. Qg3 Kf6 37. Kh2 Bd7 38. f4 Rf5 39. Rf3 Bxb5 40. Rb3 Qa4
41. Qe3 Bxa6 42. Qc3+ Ke7 43. Rb4 Qd7 44. Rd4 Qc8 1/2-1/2